<?xml version="1.0" encoding="UTF-8"?>
<record
    xmlns:xsi="http://www.w3.org/2001/XMLSchema-instance"
    xsi:schemaLocation="http://www.loc.gov/MARC21/slim http://www.loc.gov/standards/marcxml/schema/MARC21slim.xsd"
    xmlns="http://www.loc.gov/MARC21/slim">

  <leader>01262nam a22002657a 4500</leader>
  <controlfield tag="003">NALT</controlfield>
  <controlfield tag="005">20251027142727.0</controlfield>
  <controlfield tag="008">      s2558    th                  tha d</controlfield>
  <datafield tag="020" ind1=" " ind2=" ">
    <subfield code="a">9789741404384</subfield>
  </datafield>
  <datafield tag="040" ind1=" " ind2=" ">
    <subfield code="a">NALT</subfield>
  </datafield>
  <datafield tag="041" ind1="1" ind2=" ">
    <subfield code="a">tha</subfield>
    <subfield code="h">eng</subfield>
  </datafield>
  <datafield tag="050" ind1=" " ind2=" ">
    <subfield code="a">R 733 </subfield>
    <subfield code="b">&#xE0A;351&#xE2B; 2558</subfield>
  </datafield>
  <datafield tag="100" ind1="1" ind2=" ">
    <subfield code="a">&#xE40;&#xE0A;&#xE04;&#xE01;&#xE32;&#xE23;&#xE4C;, &#xE1A;&#xE35;.&#xE40;&#xE04;. &#xE08;&#xE31;&#xE19;&#xE17;&#xE23;&#xE32;</subfield>
    <subfield code="9">35896</subfield>
  </datafield>
  <datafield tag="245" ind1="1" ind2="0">
    <subfield code="a">&#xE2B;&#xE21;&#xE2D;&#xE43;&#xE19;&#xE01;&#xE32;&#xE22;&#xE43;&#xE19;&#xE08;&#xE34;&#xE15; : 7 &#xE27;&#xE31;&#xE19;&#xE41;&#xE2B;&#xE48;&#xE07;&#xE01;&#xE32;&#xE23;&#xE04;&#xE49;&#xE19;&#xE1E;&#xE1A;&#xE2B;&#xE21;&#xE2D;&#xE20;&#xE32;&#xE22;&#xE43;&#xE19;&#xE15;&#xE31;&#xE27;&#xE40;&#xE23;&#xE32; =</subfield>
    <subfield code="b">Invisible doctor : 7 days to meet the doctor within / </subfield>
    <subfield code="c">&#xE42;&#xE14;&#xE22; &#xE1A;&#xE35;.&#xE40;&#xE04;. &#xE08;&#xE31;&#xE19;&#xE17;&#xE23;&#xE32; &#xE40;&#xE0A;&#xE04;&#xE01;&#xE32;&#xE23;&#xE4C; ; &#xE18;&#xE19;&#xE34;&#xE29;&#xE10;&#xE32; &#xE41;&#xE14;&#xE19;&#xE28;&#xE34;&#xE25;&#xE1B;&#xE4C;, &#xE41;&#xE1B;&#xE25;.</subfield>
  </datafield>
  <datafield tag="246" ind1="3" ind2="1">
    <subfield code="a">Invisible doctor : </subfield>
    <subfield code="b">7 days to meet the doctor within.</subfield>
  </datafield>
  <datafield tag="260" ind1=" " ind2=" ">
    <subfield code="a">&#xE01;&#xE23;&#xE38;&#xE07;&#xE40;&#xE17;&#xE1E;&#xE2F; : </subfield>
    <subfield code="b">&#xE20;&#xE32;&#xE23;&#xE15;&#xE30;, </subfield>
    <subfield code="c">2558.</subfield>
  </datafield>
  <datafield tag="300" ind1=" " ind2=" ">
    <subfield code="a">423 &#xE2B;&#xE19;&#xE49;&#xE32; :</subfield>
    <subfield code="b">&#xE20;&#xE32;&#xE1E;&#xE1B;&#xE23;&#xE30;&#xE01;&#xE2D;&#xE1A;, &#xE15;&#xE32;&#xE23;&#xE32;&#xE07; ;</subfield>
    <subfield code="c">18.5 &#xE0B;&#xE21;.</subfield>
  </datafield>
  <datafield tag="650" ind1=" " ind2="4">
    <subfield code="a">&#xE42;&#xE22;&#xE04;&#xE30;</subfield>
    <subfield code="9">3546</subfield>
  </datafield>
  <datafield tag="650" ind1=" " ind2="4">
    <subfield code="a">&#xE01;&#xE32;&#xE23;&#xE41;&#xE1E;&#xE17;&#xE22;&#xE4C;&#xE17;&#xE32;&#xE07;&#xE40;&#xE25;&#xE37;&#xE2D;&#xE01; </subfield>
    <subfield code="9">21232</subfield>
  </datafield>
  <datafield tag="653" ind1=" " ind2="4">
    <subfield code="a">&#xE19;&#xE34;&#xE27;&#xE42;&#xE23;&#xE1A;&#xE34;&#xE04;&#xE2A;&#xE4C;&#xE44;&#xE14;&#xE19;&#xE32;&#xE21;&#xE34;&#xE04;</subfield>
  </datafield>
  <datafield tag="653" ind1=" " ind2="4">
    <subfield code="a">&#xE19;&#xE34;&#xE27;&#xE42;&#xE23;&#xE1A;&#xE34;&#xE04;&#xE2A;&#xE4C;&#xE41;&#xE2A;&#xE07;</subfield>
  </datafield>
  <datafield tag="700" ind1="0" ind2=" ">
    <subfield code="9">35898</subfield>
    <subfield code="a">&#xE18;&#xE19;&#xE34;&#xE29;&#xE10;&#xE32; &#xE41;&#xE14;&#xE19;&#xE28;&#xE34;&#xE25;&#xE1B;&#xE4C;</subfield>
  </datafield>
  <datafield tag="850" ind1=" " ind2=" ">
    <subfield code="a">NALT</subfield>
  </datafield>
  <datafield tag="942" ind1=" " ind2=" ">
    <subfield code="c">GB</subfield>
    <subfield code="2">lcc</subfield>
  </datafield>
  <datafield tag="999" ind1=" " ind2=" ">
    <subfield code="c">74246</subfield>
    <subfield code="d">74246</subfield>
  </datafield>
  <datafield tag="998" ind1=" " ind2=" ">
    <subfield code="j">104</subfield>
    <subfield code="k"> &#xE19;&#xE32;&#xE07;&#xE2A;&#xE32;&#xE27;&#xE2A;&#xE32;&#xE22;&#xE1D;&#xE19;  &#xE14;&#xE35;&#xE07;&#xE32;&#xE21;</subfield>
  </datafield>
  <datafield tag="952" ind1=" " ind2=" ">
    <subfield code="0">0</subfield>
    <subfield code="1">0</subfield>
    <subfield code="2">lcc</subfield>
    <subfield code="4">0</subfield>
    <subfield code="7">0</subfield>
    <subfield code="8">CGBL</subfield>
    <subfield code="a">NALT</subfield>
    <subfield code="b">NALT</subfield>
    <subfield code="c">GEN</subfield>
    <subfield code="e">&#xE08;&#xE31;&#xE14;&#xE0B;&#xE37;&#xE49;&#xE2D;&#xE17;&#xE23;&#xE31;&#xE1E;&#xE22;&#xE32;&#xE01;&#xE23;</subfield>
    <subfield code="l">0</subfield>
    <subfield code="o">R 733 &#xE0A;351&#xE2B; 2558</subfield>
    <subfield code="p">3961201411</subfield>
    <subfield code="r">2017-06-09 00:00:00</subfield>
    <subfield code="w">2017-06-09</subfield>
    <subfield code="y">GB</subfield>
  </datafield>
</record>
